000 nam a22 7a 4500
999 _c7577
_d7577
008 170921b xxu||||| |||| 00| 0 eng d
020 _a9788178061092
100 _aKhatri Vikas
_94092
245 _aEndangered Animals of the world
260 _aNew Delhi
_bUnicorn Books
_c2007